000 00719nam a2200217 a 4500
001 000034807
003 DO-SdBNP
005 20250401153908.0
008 111020s1907 sp a 000 0 spa d
040 _aDO-SdBNP
_bspa
_cBNPHU
049 _aBNGR
082 _a980.47
_bM433v
100 1 _aMatos Arvelo, Martin
_960318
245 1 0 _aVida indiana :
_busos, costumbres, religión, industria, gobierno, ceremonias y supersticiones de los indios /
_cMartin Matos Arvelo.
260 _aBarcelona :
_bMaucci,
_c1907.
300 _a231 p. :
_bil. ;
_c19 cm.
650 4 _aIndígenas
_xVida social y costumbres
_960319
650 4 _aFolclore indigena
_91854
910 _aValidado. Control de calidad MFF
942 _2ddc
_cLBS1
999 _c34298
_d34298